| 000 | 00458nam a22001577a 4500 | ||
|---|---|---|---|
| 020 | _a9788131720929 | ||
| 040 | _cNUST | ||
| 082 | _a621.382 SKL | ||
| 100 | _aSklar, Bernard | ||
| 110 |
_aRay, Pabitra Kumar _983711 |
||
| 245 |
_aDigital Communications: _bFundamentals And Applications |
||
| 250 | _a2nd Edition | ||
| 260 |
_aINDIA: _bPEARSON EDUCATION, _c2015. |
||
| 650 |
_aDIGITAL COMMUNICATIONS:FUNDAMENTALS AND APPLICATIONS _991830 |
||
| 942 |
_2ddc _cBK |
||
| 999 |
_c589963 _d589963 |
||